| 000 | 00398nam a2200157Ia 4500 | ||
|---|---|---|---|
| 008 | 230312s9999||||xx |||||||||||||| ||und|| | ||
| 020 | _a0-931375-17-7 | ||
| 082 |
_a616.123 _bKEI |
||
| 100 | _aKeiper, David A | ||
| 245 | 0 | _aHow to keep your Bad Habits | |
| 260 |
_bHinsdale Press _aSan Francisco _c1986 |
||
| 300 | _a182 | ||
| 546 | _aEng. | ||
| 650 |
_aLiterature _vToo many experts |
||
| 942 | _cBK | ||
| 999 |
_c1835 _d1835 |
||